• 首页
  • 本馆介绍
  • 公告通知
  • 最新文献
  • 馆藏检索
  • 电子资源
  • 读者导购
  • 参考咨询
  • 我的图书馆
  • 登录
  • 详细信息显示
  • 放入我的书架
  • 预约/预借图书
  • 作者相关作品
  • 分类相关作品
  • 丛书相关作品
  • 出版社相关作品

书目信息

  • 表格格式
  • 工作单格式
  • 卡片格式
题名:
饥饿的盛世/乾隆时代的得与失
    
 
作者: 张宏杰 著
分册:  
出版信息: 重庆   重庆出版社  2016
页数: 357页
开本: 23cm
丛书名:
单 册:
中图分类: K249.09
科图分类:
主题词: 中国历史--清代--通俗读物
电子资源:
ISBN: 978-7-229-10667-6
000 00738nam0 2200229 450
001 2709
001 01CN12259082@CSLN
005 20161205143441.73
010    @a978-7-229-10667-6@dCNY39.80
100    @a20160725d2006 em y0chiy50 ea
101 0  @achi
102    @aCN@b500000
105    @ay z 000yy
200 1  @a饥饿的盛世/乾隆时代的得与失@f张宏杰著
210    @a重庆@c重庆出版社@d2016
215    @a357页@d23cm
330    @a本书内容主要写乾隆时代的得与失,作者通过对乾隆时代的解构,为读者描绘了一幅五彩斑斓的“盛世”图景,同时深刻揭示了近代中国失落的秘密。
606 0  @a中国历史@z清代@j通俗读物
690    @aK249.09@v5
701  0 @a张宏杰@4著
801  0 @aCN@b大连网信软件有限公司图书馆·11@c20161205
905    @aZUCC@dK249.09@e103
    
    饥饿的盛世/乾隆时代的得与失/张宏杰著.-重庆:重庆出版社,2016
    357页;23cm
    
    
    ISBN 978-7-229-10667-6:CNY39.80
    本书内容主要写乾隆时代的得与失,作者通过对乾隆时代的解构,为读者描绘了一幅五彩斑斓的“盛世”图景,同时深刻揭示了近代中国失落的秘密。
●
相关链接 在E读中查询图书 在五车中查询图书 在当当中查询图书 在豆瓣中查询图书


正题名:饥饿的盛世/乾隆时代的得与失     索取号:K249.09/103         预约/预借

序号 登录号 条形码 馆藏地/架位号 状态 备注
1 910920   209109203   第二样本阅览室/ [索取号:K249.09/103] 在馆    
2 910921   209109212   第二借阅区/ [索取号:K249.09/103] 在馆    
3 910922   209109221   第二借阅区/ [索取号:K249.09/103] 在馆    
4 910923   209109230   第二借阅区/ [索取号:K249.09/103] 在馆    
5 910924   209109249   第二借阅区/ [索取号:K249.09/103] 在馆    
唐山师范学院图书馆 欢迎您!
大连网信软件有限公司© 版权所有